| 000 | 01036nam a22003377a 4500 | ||
|---|---|---|---|
| 003 | CHAP | ||
| 005 | 20220329141805.0 | ||
| 008 | 971013s1971 r 00010 d | ||
| 010 | _a73856 | ||
| 011 | _a74828 | ||
| 035 | _a84387 | ||
| 040 | _cCHAP | ||
| 090 | _aFolleto 10282 | ||
| 100 | 0 | 0 |
_aHarnecker, Marta. _952776 |
| 245 | _aSocialidmo y comunismo | ||
| 260 |
_aMéxico D. F. : _bNuevos Horizontes, _c(1971?) |
||
| 300 |
_a62 p. _b: ilus. |
||
| 490 |
_aCuadernos de educación popular _v; 7 |
||
| 590 |
_aBATCH-UPD _b10 _c20130110 _lUCH01 _h0344 |
||
| 590 |
_aBATCH-UPD _b10 _c20130110 _lUCH01 _h1755 |
||
| 590 |
_aBATCH-UPD _b10 _c20130410 _lUCH01 _h0017 |
||
| 590 |
_aBATCH-UPD _b10 _c20130914 _lUCH01 _h1025 |
||
| 590 |
_aCONVERSION _b10 _c20130109 _lUCH01 _h1340 |
||
| 650 | 1 | 4 |
_aComunismo. _926257 |
| 650 | 1 | 4 |
_aSocialismo. _9108040 |
| 700 | 0 |
_aUribe, Gabriela. _9116955 |
|
| 830 | 0 |
_aCuadernos de educación popular _v; 7 _929773 |
|
| 901 | _aBK | ||
| 942 | _cFOLL | ||
| 949 |
_aFolleto 10282 _bBC _cFOLL _d-39711 _eTS1 _i84387 _si |
||
| 999 |
_c73856 _d73856 |
||